<?xml version="1.0" encoding="UTF-8"?>
<collection xmlns="http://www.loc.gov/MARC21/slim">
 <record>
  <leader>01842nam a2200217Ia 4500</leader>
  <controlfield tag="001">CTU_112801</controlfield>
  <controlfield tag="008">210402s9999    xx            000 0 und d</controlfield>
  <datafield tag="020" ind1=" " ind2=" ">
   <subfield code="c">441000</subfield>
  </datafield>
  <datafield tag="082" ind1=" " ind2=" ">
   <subfield code="a">658.81</subfield>
  </datafield>
  <datafield tag="082" ind1=" " ind2=" ">
   <subfield code="b">H688</subfield>
  </datafield>
  <datafield tag="100" ind1=" " ind2=" ">
   <subfield code="a">Hodge, Richard.</subfield>
  </datafield>
  <datafield tag="245" ind1=" " ind2="4">
   <subfield code="a">The mind of the customer :</subfield>
  </datafield>
  <datafield tag="245" ind1=" " ind2="0">
   <subfield code="b">How great companies like UPS, Lexus, and Nokia have reinvented the sales process to accelerate their customers’ success</subfield>
  </datafield>
  <datafield tag="245" ind1=" " ind2="0">
   <subfield code="c">Richard Hodge and Lou Schachter.</subfield>
  </datafield>
  <datafield tag="260" ind1=" " ind2=" ">
   <subfield code="a">New York, NY.</subfield>
  </datafield>
  <datafield tag="260" ind1=" " ind2=" ">
   <subfield code="b">McGraw-Hill</subfield>
  </datafield>
  <datafield tag="260" ind1=" " ind2=" ">
   <subfield code="c">2006</subfield>
  </datafield>
  <datafield tag="520" ind1=" " ind2=" ">
   <subfield code="a">The Mind of the Customer offers an in-depth analysis of today’s customers’ wants, needs, and problems, and reveals groundbreaking insights into the new expectations of today’s top sales executives. Drawing from their interviews with 96 high-level executives at corporations such as Lexus, Nokia, and UPS, The Real Learning Company’s Richard Hodge and Lou Schachter uncover what the new generation of salespeople needs to know to succeed--what clinches the deal, what loses it. The Mind of the Customer presents a four-pillared approach that defines a world-class sales force strategy: UNDERSTAND: Know what drives each business, what challenges the business faces, and what global and industry contexts the business operates within.  CREATE: Appreciate what each customer really values. Pay attention to all the relevant dimensions of value and avoid solely price-driven interactions.  COMMUNICATE: Make presentations interactive and negotiations cooperative. Create an atmosphere amenable to change and mutual success.  MANAGE: Provide opportunities for salespeople to gain knowledge, develop new mindsets, and build skills. Focus on coaching and education.</subfield>
  </datafield>
  <datafield tag="650" ind1=" " ind2=" ">
   <subfield code="a">Success in business.,Selling</subfield>
  </datafield>
  <datafield tag="904" ind1=" " ind2=" ">
   <subfield code="i">Minh</subfield>
  </datafield>
  <datafield tag="980" ind1=" " ind2=" ">
   <subfield code="a">Trung tâm Học liệu Trường Đại học Cần Thơ</subfield>
  </datafield>
 </record>
</collection>
